Catálogo - Centro de Recursos para el Aprendizaje y la Investigación

Volver al Sitio - CRAI Biblioteca

Mi vida como playboy : (Registro nro. 114327)

Detalles MARC
000 -CABECERA
campo de control de longitud fija 01077nam a2200241 4500
001 - NÚMERO DE CONTROL
campo de control 114327
003 - IDENTIFICADOR DEL NÚMERO DE CONTROL
campo de control DR-UNIBE
005 - FECHA Y HORA DE LA ÚLTIMA TRANSACCIÓN
campo de control 20260123142340.0
008 - DATOS DE LONGITUD FIJA--INFORMACIÓN GENERAL
campo de control de longitud fija 260123b2014 dr ||||| |||| 00| 0 spa d
020 ## - NÚMERO INTERNACIONAL ESTÁNDAR DEL LIBRO
Número Internacional Estándar del Libro 9789945410402
040 ## - FUENTE DE LA CATALOGACIÓN
Centro catalogador/agencia de origen BIBLIOTECA UNIBE
Lengua de catalogación spa
Centro/agencia transcriptor BIBLIOTECA UNIBE
Normas de descripción rda
041 ## - CÓDIGO DE LENGUA
Código de lengua del texto/banda sonora o título independiente spa
082 ## - NÚMERO DE LA CLASIFICACIÓN DECIMAL DEWEY
Número de clasificación RD 927.9 R896m
100 10 - ENTRADA PRINCIPAL--NOMBRE DE PERSONA
Nombre de persona Rubirosa Ariza, Porfirio
Fechas asociadas al nombre 1909-1965
9 (RLIN) 201802
Término indicativo de función/relación autor
245 10 - MENCIÓN DE TÍTULO
Título Mi vida como playboy :
Resto del título autobiografía /
Mención de responsabilidad, etc. Porfirio Rubirosa
250 ## - MENCIÓN DE EDICIÓN
Mención de edición Primera edición
260 ## - PUBLICACIÓN, DISTRIBUCIÓN, ETC.
Lugar de publicación, distribución, etc. Santo Domingo :
Nombre del editor, distribuidor, etc. Letragráfica,
Fecha de publicación, distribución, etc. 2014
300 ## - DESCRIPCIÓN FÍSICA
Extensión 157 páginas :
Otras características físicas fotos b/n :
Dimensiones 21 x 14 cm
500 ## - NOTA GENERAL
Nota general Información del autor en la solapa
505 ## - NOTA DE CONTENIDO CON FORMATO
Nota de contenido con formato El paraíso verde | <br/>A París |<br/>De vuelta a mi país |<br/>Rafael L. Trujillo |<br/>De nuevo en Europa |<br/>Divorcio Rubirosa-Flor de Oro |<br/>Danielle Darrieux |<br/>Doris Duke |<br/>El tesoro del Caribe |<br/>Vida diplomática |<br/>Bárbara Hutton |<br/>Odile, mi esposa |<br/>Odile define a Rubirosa
600 #7 - PUNTO DE ACCESO ADICIONAL DE MATERIA--NOMBRE DE PERSONA
Fuente del encabezamiento o término lemb
Nombre de persona Rubirosa Ariza, Porfirio
Fechas asociadas al nombre 1909-1965
9 (RLIN) 201802
Subdivisión general Autobiografía
942 ## - ELEMENTOS DE PUNTO DE ACCESO ADICIONAL (KOHA)
Fuente del sistema de clasificación o colocación Sistema de Clasificación Decimal Dewey
Tipo de ítem Koha Libro (general)
Existencias
Estado de retiro Estado de pérdida Fuente del sistema de clasificación o colocación No para préstamo Código de colección Localización permanente Fecha de adquisición Total de préstamos Signatura topográfica completa Código de barras Fecha visto por última vez Número de copia Precio válido a partir de Tipo de ítem Koha
  Disponible Sistema de Clasificación Decimal Dewey   General - Libros dominicanos Biblioteca Central UNIBE 12/11/2025   RD 927.9 R896m 260039 23/01/2026 Ej. 1 23/01/2026 Libro (general)